00358 a2200145 4500003000400000005001700004008004100021020001800062040000900080082001800089100002300107245004000130260003300170300000900203OSt20231103122333.0231103b |||||||| |||| 00| 0 eng d a9789391600136 coclc a954.83bQAD/P aQadiri, Shamsullah aPracheena Malabar/ Shamsulla Qadiri aKerala:bOther Books,c2021. a100p